| 000 | 02418nam0a2200445 4500 | ||
|---|---|---|---|
| 001 | RU\NLR\bibl\384462 | ||
| 005 | 20260407073439.0 | ||
| 010 |
_a5-7133-1144-9 _bВ пер. _93000 |
||
| 021 |
_aRU _b2003-5170 _9239 |
||
| 035 | _a(NLR Aleph) 000378848 | ||
| 090 |
_a442691 _c442691 |
||
| 100 | _a20030317d2003 |||y0rusy50 ca | ||
| 101 | 1 |
_arus _ceng |
|
| 102 | _aRU | ||
| 105 | _ay ||||||||| | ||
| 200 | 1 |
_aЦРУ и контроль над Разумом _eТайн. история науки упр. поведением человека _eВ поисках "маньчжур. кандидата" _fДжон Маркс _g[Пер. с англ. В.Ф. Енгалычева] |
|
| 210 |
_aМ. _cМеждунар. отношения _d2003 |
||
| 215 |
_a309 с. _d21 |
||
| 225 | 1 | _aСекретные миссии | |
| 300 | _aЗагл. и авт. ориг.: The search for the "manchurian candidate"/ John Marks | ||
| 320 | _aПредм. указ.: с. 294-308 | ||
| 320 | _aБиблиогр. в примеч.: с. 277-293 | ||
| 454 | 0 |
_12001#$aThe search for the "manchurian candidate"$fJohn Marks _tThe search for the "manchurian candidate" |
|
| 601 | 0 | 1 |
_aСоединенные Штаты Америки _bЦентральное разведывательное управление _xПсихиатрические эксперименты на человеческом разуме _92286972 _3RU\NLR\auth\661369860 |
| 601 | 0 | 2 |
_aЦентральное разведывательное управление (ЦРУ) _xПсихиатрические эксперименты на человеческом разуме _yСоединенные Штаты Америки _92016923 _3RU\NLR\auth\661212888 |
| 610 | 0 | _aЦентральное разведывательное управление (ЦРУ) | |
| 610 | 0 | _aМанипулирование сознанием | |
| 675 |
_a351.746.1(73):159.962(091) _v3 _zrus |
||
| 686 |
_a10.17 _2rugasnti |
||
| 686 |
_a67.401.212(7Сое) _2rubbk |
||
| 686 | _aЦ68,8(7США)-221.1 | ||
| 686 | _aХ819(7США)112.011.012 | ||
| 700 | 1 |
_aМаркс _bД. _gДжон _4070 |
|
| 712 | 0 | 1 |
_4570 _aСША _bЦентральное разведывательное управление _3RU\NLR\AUTH\8810037303 _9573325 |
| 801 | 0 |
_aRU _bRKP _c20030317 _gPSBO |
|
| 801 | 1 |
_aRU _bRKP _c20030317 |
|
| 801 | 2 |
_aRU _bNLR _c20050322 _grcr |
|
| 942 | _cBOOK | ||
| 980 | _aNB | ||